Statistics for Top 30 NBA Rookies (2018)

Click here to take the quiz!

General Stats

  • This quiz has been taken 90 times
  • The average score is 17 of 30

Answer Stats

# Player Team % Correct
8Lonzo BallLos Angeles Lakers
98%
2Ben SimmonsPhiladelphia 76ers
96%
1Donovan MitchellUtah Jazz
95%
3Jayson TatumBoston Celtics
95%
4Kyle KuzmaLos Angeles Lakers
91%
7De'Aaron FoxSacramento Kings
88%
6Dennis Smith, Jr.Dallas Mavericks
86%
11Josh JacksonPhoenix Suns
79%
23Justin JacksonSacramento Kings
78%
5Lauri MarkkanenChicago Bulls
78%
10Jordan BellGolden State Warriors
74%
12John CollinsAtlanta Hawks
65%
27Zach CollinsPortland Trail Blazers
63%
18Markelle FultzPhiladelphia 76ers
58%
15Malik MonkCharlotte Hornets
58%
13OG AnunobyToronto Raptors
51%
19Josh HartLos Angeles Lakers
44%
16Frank NtilikinaNew York Knicks
44%
21Jonathan IsaacOrlando Magic
42%
20Jarrett AllenBrooklyn Nets
41%
17Bam AdebayoMiami Heat
40%
24Luke KennardDetroit Pistons
37%
9Bogdan BogdanovićSacramento Kings
37%
22Terrance FergusonOklahoma City Thunder
33%
26Dillon BrooksMemphis Grizzlies
32%
29T.J. LeafIndiana Pacers
31%
28Semi OjeleyeBoston Celtics
27%
14Milos TeodosicLos Angeles Clippers
26%
25Frank Mason IIISacramento Kings
20%
30Dwayne BaconCharlotte Hornets
16%

Score Distribution

Percentile by Number Answered

Percent of People with Each Score

Your Score History

You have not taken this quiz